000 00915nam a22001937a 4500
003 JO-AjAnu
005 20240918115656.0
008 240908b jo ||||| |||| 00| 0 ara d
040 _aJO-AjAnu
_cJO-AjAnu
041 _aara
100 1 _aالمستريحي، اسماعيل محمد علي
_966148
_eمعد
245 2 0 _aالضوابط القانونية للتحكيم بالصلح = Legal controls for conciliation arbitration /
_cإعداد اسماعيل محمد علي المستريحي ؛ إشراف محمد علي بني مقداد
260 _c2024
300 _a157ورقة
500 _a رسالة جامعية (ماجستير) .- جامعة عجلون الوطنية (عجلون، الأردن)، كلية الحقوق، قسم القانون ، 2024
650 7 0 _aالتحكيم - الصلح
_966149
700 1 _aبني مقداد، محمد علي
_966150
_eمشرف
942 _2lcc
_cTHS
_n0
999 _c33647
_d33647